000 00408nam a2200193Ia 4500
001 11768
003 GE_BSU
008 181216s||||||||xx |||||||||||||| ||und||
040 _cGE_BSU
080 _a821.111-32
100 _aDundy,Elainy
245 4 _aThe Duo Avocado
260 _aLondon
260 _bPenguin Books
260 _c1961
300 _a254p.18cm.
653 _aThe Duo Avocado
942 _cBK
999 _c44947
_d44947